| Tag |
First Indicator |
Second Indicator |
Subfields |
| LEADER |
00000cgm a2200000Mi 4500 |
| 001 |
in00005602521 |
| 006 |
m o c |
| 007 |
cr |n||||||||a |
| 007 |
vz |za|z| |
| 008 |
210920s1989 cau045 e o vneng d |
| 005 |
20241201234258.7 |
| 035 |
|
|
|a (OCoLC)on1274235451
|
| 040 |
|
|
|a ALSTP
|b eng
|e rda
|c ALSTP
|d OCLCF
|d INT
|d OCLCO
|d CJT
|d OCLCA
|d NUI
|
| 019 |
|
|
|a 1287597470
|a 1373471452
|a 1430878313
|a 1443958647
|
| 024 |
8 |
|
|a ASP5126821/marc
|
| 035 |
|
|
|a (OCoLC)1274235451
|z (OCoLC)1287597470
|z (OCoLC)1373471452
|z (OCoLC)1430878313
|z (OCoLC)1443958647
|
| 049 |
|
|
|a TXAM
|
| 245 |
0 |
0 |
|a Integrative psychotherapy.
|n Part 6,
|p A demonstration with Dr. Donald Meichenbaum /
|c Psychological & Educational Films presents ; director, Harry Ratner ; video production, KOCE-TV.
|
| 246 |
1 |
3 |
|a Integrative psychotherapy :
|b a six-part series
|
| 264 |
|
1 |
|a Newport Beach, CA :
|b Psychological and Educational Films,
|c 1989.
|
| 300 |
|
|
|a 1 online resource (45 minutes)
|
| 306 |
|
|
|a 004407
|
| 336 |
|
|
|a two-dimensional moving image
|b tdi
|2 rdacontent
|
| 337 |
|
|
|a computer
|b c
|2 rdamedia
|
| 337 |
|
|
|a video
|b v
|2 rdamedia
|
| 338 |
|
|
|a online resource
|b cr
|2 rdacarrier
|
| 347 |
|
|
|a video file
|2 rda
|
| 490 |
0 |
|
|a Academic Video Online
|
| 500 |
|
|
|a Title from title screen (viewed September 20, 2021).
|
| 500 |
|
|
|a "A six-part series".
|
| 508 |
|
|
|a Executive producer, Everett Shostrom ; audio, Bob Holden ; video, Walt Eby ; camera, Terry Otto, Jeff Vranek, Joe Sloan ; editor, Ty Whitaker ; music, Allen Davis.
|
| 511 |
0 |
|
|a Therapist: Dr. Donald Meichenbaum.
|
| 520 |
|
|
|a Five distinguished psychotherapists share their varying perspectives of what integrative psychotherapy is, and they explain their particular approaches. Part 6: Dr. Donald Meichenbaum.
|
| 546 |
|
|
|a In English.
|
| 650 |
|
0 |
|a Eclectic psychotherapy.
|
| 650 |
|
0 |
|a Client-centered psychotherapy.
|
| 650 |
|
0 |
|a Psychotherapy
|x Methodology.
|
| 650 |
|
2 |
|a Person-Centered Psychotherapy.
|
| 650 |
|
6 |
|a Psychothérapie éclectique.
|
| 650 |
|
6 |
|a Psychothérapie non directive.
|
| 650 |
|
6 |
|a Psychothérapie
|x Méthodologie.
|
| 650 |
|
7 |
|a Client-centered psychotherapy.
|2 fast
|0 (OCoLC)fst00864202
|
| 650 |
|
7 |
|a Eclectic psychotherapy.
|2 fast
|0 (OCoLC)fst00901407
|
| 650 |
|
7 |
|a Psychotherapy
|x Methodology.
|2 fast
|0 (OCoLC)fst01081775
|
| 655 |
|
7 |
|a Educational films.
|2 fast
|0 (OCoLC)fst01726235
|
| 655 |
|
7 |
|a Instructional films.
|2 fast
|0 (OCoLC)fst01726236
|
| 655 |
|
7 |
|a Educational films.
|2 lcgft
|
| 655 |
|
7 |
|a Instructional films.
|2 lcgft
|
| 655 |
|
7 |
|a Films éducatifs.
|2 rvmgf
|
| 655 |
|
7 |
|a Films de formation.
|2 rvmgf
|
| 700 |
1 |
|
|a Ratner, Harry,
|e director.
|
| 710 |
2 |
|
|a Psychological & Educational Films,
|e presenter.
|
| 710 |
2 |
|
|a KOCE-TV (Television station : Huntington Beach, Calif.),
|e production company.
|
| 856 |
4 |
0 |
|u http://proxy.library.tamu.edu/login?url=https://www.aspresolver.com/aspresolver.asp?MARC;5126821
|z Connect to this streaming video (Alexander Street Press)
|t 0
|
| 955 |
|
|
|a Alexander Street Press subscription streaming video
|
| 994 |
|
|
|a 92
|b TXA
|
| 999 |
f |
f |
|s 0e25a0f9-2eaf-4faa-b19b-0ddbdaeaeedb
|i 9b41d1d9-8aba-4fb3-a31c-8351b1fc5fdc
|t 0
|
| 952 |
f |
f |
|a Texas A&M University
|b College Station
|c Electronic Resources
|d Available Online
|t 0
|h Library of Congress classification
|
| 998 |
f |
f |
|t 0
|l Available Online
|